Živá architektúra Imre Makovcza Galéria K.F.A. Bratislava 1999

Bibliographic Details
Corporate Author: Galéria K.F.A. Bratislava, Slovensko (Author)
Other Authors: Pásztor, Peter, 1948- (Compiler), Szánto, Tamás (fot)
Format: Book
Language:Slovak
PhysicalDescription:[64] s. čiernobiele a fareb. fotogr., mp., pl. 30 cm
Published: Bratislava Meritum 1999
ISBN:8088791340
Subjects:

MARC

LEADER 00000nam a2200000 a 4500
001 vtls001378949
003 SK-MaSNL
005 20260426014306.0
008 160322s1999 xo aeb 0yd0 slo
015 |a SNBE2000/01-00016 
020 |a 8088791340 
035 |a SNK000332917 
040 |a SNK  |b slo  |c SNK  |e AACR2 
041 0 |a slo 
044 |a xo  |c SK 
080 |a 72.071.1(439):061.4(083.9)  |2 1981 
080 |a 069.6.02:73/76  |2 1981 
080 |a 929 Makovecz, Imre  |2 1981 
245 1 |a Živá architektúra Imre Makovcza  |b Galéria K.F.A. Bratislava 1999  |c zostavil Peter Pásztor ; fotografie Tamás Szántó 
260 |a Bratislava  |b Meritum  |c 1999 
300 |a [64] s.  |b čiernobiele a fareb. fotogr., mp., pl.  |c 30 cm 
500 |a Vydané pre Galériu K.F. A. Bratislava 
504 |a Obsahuje bibliogr. 
600 1 |a Makovecz, Imre  |d 1935-  |x výstavy  |x katalógy  |2 SNK  |9 733251 
610 0 7 |a Galéria K.F.A. (Bratislava, Slovensko)  |x výstavy  |x katalógy  |2 SNK  |9 733252 
611 1 7 |a Galéria K.F.A. (Bratislava, Slovensko)  |x výstavy  |x katalógy  |2 SNK  |9 733253 
651 7 |a Bratislava (Slovensko)  |2 SNK  |9 14568 
655 7 |a katalógy výstav  |2 SNK  |9 70445 
700 1 |a Pásztor, Peter,  |d 1948-  |4 com  |9 108899 
700 1 |a Szánto, Tamás  |4 fot  |9 396266 
710 0 |a Galéria K.F.A. Bratislava, Slovensko  |4 aut  |9 65230 
919 |a 80-88791-34-0 
958 |a TL 
958 |a BX 
999 |c 1152213  |d 1154143 
952 |t P60, <04>, [BOOK], {604}  |a SNK  |b SNK  |y VYP  |7 0  |p 17A0219962  |o snkOSB 12354 D1  |i snkKSP 12129/99  |0 0  |1 0  |4 0  |d 1999-12-09  |l 0  |r 2005-01-02 00:00:00  |w 2026-02-24 
952 |t P60, <03>, [BOOK], {603}  |a SNK  |b SNK  |y PREZ  |7 0  |p 17A0219961  |o snkOSB 12354  |i snkKSP 12128/99  |0 0  |1 0  |4 0  |d 1999-12-09  |l 0  |r 2005-01-02 00:00:00  |w 2026-02-24